000 02466nam a2200385 a 4500
001 ebr10580286
003 CaPaEBR
006 m u
007 cr cn|||||||||
008 120126s2012 enka sb 001 0 eng d
010 _z 2012001523
020 _z9781119954132 (pbk.)
020 _z9781119961215 (e-book)
040 _aCaPaEBR
_cCaPaEBR
035 _a(OCoLC)808345263
050 1 4 _aHD87
_b.G76 2012eb
082 0 4 _a658.4/063
_223
245 0 0 _aGrowth champions
_h[electronic resource] :
_bthe battle for sustained innovation leadership : the growth agenda /
_cedited by Tim Jones, Dave McCormick, and Caroline Dewing.
250 _a2nd ed.
260 _aChichester, West Sussex, U.K. :
_bWiley,
_c2012.
300 _aviii, 336 p. :
_bill.
504 _aIncludes bibliographical references and index.
505 0 _apt. 1. The growth agenda : the changing dynamics of innovation -- pt. 2. The growth champions -- pt. 3. The growth challenge : lessons for the future.
520 _a"Unique insights and fresh perspectives on business growth and innovationGrowth is a priority for most businesses, but one that's elusive and difficult to achieve. But some companies do it well, delivering sustainable growth year after year. What makes those companies so special? And what can you and your business learn from them?Growth Champions looks at 20 leading global organizations and identifies the key elements that drive their success. These growth champions include such companies as PepsiCo, Apple, Rolls Royce, Google, Audi, and P&G. While many share some common traits, they all take different paths to growth using different formulas to achieve it. Here, you'll learn how they formulate and execute strategies, motivate and engage people, build a growth culture, and develop and use distinctive competencies to stay ahead of the pack"--
_cProvided by publisher.
533 _aElectronic reproduction.
_bPalo Alto, Calif. :
_cebrary,
_d2011.
_nAvailable via World Wide Web.
_nAccess may be limited to ebrary affiliated libraries.
650 0 _aEconomic development.
650 0 _aCorporate culture.
650 0 _aCreative ability in business.
655 7 _aElectronic books.
_2local
700 1 _aJones, Tim.
700 1 _aMcCormick, Dave.
700 1 _aDewing, Caroline.
710 2 _aebrary, Inc.
856 4 0 _uhttp://site.ebrary.com/lib/rucke/Doc?id=10580286
_zAn electronic book accessible through the World Wide Web; click to view
999 _c84766
_d84766